Estructura del lenguaje poético

Đã lưu trong:
Chi tiết về thư mục
Tác giả chính: Cohen, Jean
Định dạng: Sách
Ngôn ngữ:Undetermined
Được phát hành: Madrid, España Gredos 1977
Phiên bản:2
Những chủ đề:
Các nhãn: Thêm thẻ
Không có thẻ, Là người đầu tiên thẻ bản ghi này!

MARC

LEADER 00000nam a2200000Ia 4500
008 170316s9999 xx 000 0 und d
090 |a 801 C-23e 
100 |a Cohen, Jean 
245 |a Estructura del lenguaje poético 
250 |a 2 
260 |a Madrid, España 
260 |b Gredos 
260 |c 1977 
300 |a 243 páginas 
650 |a TEORÍA LITERARIA 
650 |a LINGÜÍSTICA ESTRUCTURAL 
650 |a ANÁLISIS LITERARIO- POESÍA 
650 |a NIVEL SEMÁNTICO 
650 |a POESÍA LÍRICA 
999 |c 20177  |d 20177 
040 |a cru BVZT 
942 |c 15 D  |h 801 C-23e  |2 z